Crianza artificial de terneros

Saved in:
Bibliografiske detaljer
Hovedforfatter: Sepúlveda, Jaime (Author)
Format: Bog
Sprog:spansk
Udgivet: Chillán Instituto de Investigaciones Agropecuarias 1977
Serier:Programa Producción Animal
Fag:
Tags: Tilføj Tag
Ingen Tags, Vær først til at tagge denne postø!

MARC

LEADER 00000nam a2200000 a 4500
001 UCR9171
003 CL-VaPUC
008 980613e19770000CL |||||||||||||||||spa|d
082 0 4 |a 637.1  |b SEP  |2 21 
100 0 |a Sepúlveda, Jaime  |e author  |9 411410 
245 1 0 |a Crianza artificial de terneros 
300 |a 81 p 
942 |c BK 
945 |d 19980613 00:00:00  |a mvenant 
260 |a Chillán  |b Instituto de Investigaciones Agropecuarias  |c 1977 
650 7 |a CRIANZA DE TERNEROS  |2 CL-VaPUC  |9 395934 
650 0 |a Alimentación animal  |9 393779 
650 7 |a CRIANZA ARTIFICIAL  |2 CL-VaPUC  |9 395935 
650 7 |a PRODUCCION DE LECHE  |2 CL-VaPUC  |9 394513 
583 |a last modification  |c 19980613 00:00:00  |k Rodrigo Vera 
490 0 |a Programa Producción Animal 
999 |c 270380  |d 270378 
952 |0 0  |1 0  |4 0  |6 637_100000000000000_SEP_1977  |7 0  |8 A  |9 304649  |a BIBAGR  |b BIBAGR  |d 2019-11-20  |i 3434052  |o 637.1 SEP 1977  |p 3434052  |r 2025-01-20  |w 2019-11-20  |y BK  |k AGR